00537nam a2200205 a 4500001001300000003000900013005001700022008004100039020001000080082002200090100001600112245003400128260004600162300000900208500003500217505001700252650002700269650001900296700001600315nice12345678IN_TiNIC20260116012410.0050524s1985 newa grp 000 0 eng  ac20000a323.39710954bRAK aRakkar, J S aMuslim Politics in the Punjab aNew DelhibDeep & Deep Publicationsc1985 a359p aincludes index and biblioraphy2 aBibliography aMuslims-India-Politics aPunjab-Muslims1 aRakkar, J S